Image

Дэлгэрэнгүй хайлт

Эрүүгийн эрх зүйн бодлого, тохиолдол, хууль хэрэглээ / (Record no. 32437)

MARC details
000 -LEADER
fixed length control field 01279nam a22002657a 4500
003 - CONTROL NUMBER IDENTIFIER
control field MN-UlLSGH
005 - DATE AND TIME OF LATEST TRANSACTION
control field 20260625152856.0
008 - FIXED-LENGTH DATA ELEMENTS--GENERAL INFORMATION
fixed length control field 260625b mp ||||| vl|| 00| 0 mon d
020 ## - INTERNATIONAL STANDARD BOOK NUMBER
International Standard Book Number 978-991902419-2
040 ## - CATALOGING SOURCE
Transcribing agency MN-ULPAL
084 ## - OTHER CLASSIFICATION NUMBER
Classification number 67.408
Item number Э807
100 0# - MAIN ENTRY--PERSONAL NAME
Personal name Эрдэнэбулган, Ж.
Relator term зохиогч
9 (RLIN) 7475
245 1# - TITLE STATEMENT
Title Эрүүгийн эрх зүйн бодлого, тохиолдол, хууль хэрэглээ /
260 ## - PUBLICATION, DISTRIBUTION, ETC.
Place of publication, distribution, etc. Улаанбаатар
Name of publisher, distributor, etc. Хөх судар принтинг
Date of publication, distribution, etc. 2024
300 ## - PHYSICAL DESCRIPTION
Extent 277 хуудастай
Dimensions 21 см
336 ## - CONTENT TYPE
Source rdacontent
Content type term text
Content type code txt
337 ## - MEDIA TYPE
Media type term rdamedia
Media type code unmediated
338 ## - CARRIER TYPE
Carrier type term volume
Carrier type code rdacarrier
520 ## - SUMMARY, ETC.
Summary, etc. Уг бүтээлийг шүүхээр шийдвэрлэсэн эрүүгийн бодит хэргүүдээс түүвэрлэн одоо сургалтад хэрэглэж байгаа бодлого бодох нийтлэг аргачлалд тулгуурлан боловсруулжээ.
650 #4 - SUBJECT ADDED ENTRY--TOPICAL TERM
Topical term or geographic name entry element эрүүгийн эрх зүй
Geographic subdivision Монгол
700 0# - ADDED ENTRY--PERSONAL NAME
Personal name Батгэрэл, С.
Relator term зохиогч
9 (RLIN) 16400
700 0# - ADDED ENTRY--PERSONAL NAME
Personal name Галбадар, Л.
Relator term зохиогч
9 (RLIN) 16401
700 0# - ADDED ENTRY--PERSONAL NAME
Personal name Мөнхбаатар, М.
Relator term зохиогч
9 (RLIN) 16402
942 ## - ADDED ENTRY ELEMENTS (KOHA)
Source of classification or shelving scheme Оросын ном зүйн ангилал
Koha item type Ном - Books
Suppress in OPAC No
Holdings
Withdrawn status Lost status Source of classification or shelving scheme Damaged status Not for loan Home library Current library Date acquired Cost, normal purchase price Inventory number Total Checkouts Full call number Barcode Date last seen Price effective from Koha item type
    Оросын ном зүйн ангилал     Парламентын номын сан - Салбар Парламентын номын сан - Салбар 06/25/2026 40000.00 25234   67.408 Э807 40418 06/25/2026 06/25/2026 Ном - Books
    Оросын ном зүйн ангилал     Парламентын номын сан - Үндсэн фонд Парламентын номын сан - Үндсэн фонд 06/25/2026 40000.00 25232   67.408 Э807 40416 06/25/2026 06/25/2026 Ном - Books
    Оросын ном зүйн ангилал     Парламентын номын сан - Үндсэн фонд Парламентын номын сан - Үндсэн фонд 06/25/2026 40000.00 25233   67.408 Э807 40417 06/25/2026 06/25/2026 Ном - Books